| 000 | 00699nam a22001937a 4500 | ||
|---|---|---|---|
| 003 | OSt | ||
| 005 | 20240912150018.0 | ||
| 008 | 240912b ||||| |||| 00| 0 eng d | ||
| 040 | _cAIMIT LIBRARY | ||
| 100 |
_aKarandoor, Shivani. _e2216191 _9179076 |
||
| 245 |
_aStudy on employee engagement and its relationship with productivity and commitment at KIOCL / _cBy Shivani Karandoor ; Guided by Ravi Kudtarkar |
||
| 260 |
_aMangaluru ; _c2024. |
||
| 650 |
_aReview of literature _9179077 |
||
| 650 |
_aResearch methodology _9179078 |
||
| 650 |
_aData analysis and interpretation _9179079 |
||
| 700 |
_aKudtarkar, Ravi. _eGuide _9179080 |
||
| 856 |
_3KIOCL Limited _uwww.kioclltd.in |
||
| 942 |
_2ddc _cPRO |
||
| 999 |
_c231802 _d231802 |
||